MODI A TB OF MEDICAL JURISPRUDENCE AND TOXICOLOGY (Record no. 15095)
[ view plain ]
| 000 -LEADER | |
|---|---|
| fixed length control field | 00289nam a22001217a 4500 |
| 003 - CONTROL NUMBER IDENTIFIER | |
| control field | SGT |
| 082 ## - DEWEY DECIMAL CLASSIFICATION NUMBER | |
| Classification number | 614 |
| Item number | M16M |
| 100 ## - MAIN ENTRY--PERSONAL NAME | |
| Personal name | MODI, JAISING P. |
| 245 ## - TITLE STATEMENT | |
| Title | MODI A TB OF MEDICAL JURISPRUDENCE AND TOXICOLOGY |
| 260 ## - PUBLICATION, DISTRIBUTION, ETC. (IMPRINT) | |
| Place of publication, distribution, etc | INDIA |
| Name of publisher, distributor, etc | LEXIS NEXIS |
| Year of Publication | 2016 |
| 300 ## - PAGE DESCRIPTION | |
| No. of Pages | 1073 |
| 942 ## - ADDED ENTRY ELEMENTS (KOHA) | |
| Source of classification or shelving scheme | Dewey Decimal Classification |
| Koha item type | Books |
| 942 ## - ADDED ENTRY ELEMENTS (KOHA) | |
| -- | 2 |
| Withdrawn status | Lost status | Source of classification or shelving scheme | Damaged status | Not for loan | Collection code | Home library | Current library | Shelving location | Date acquired | Vendor Name | Cost, normal purchase price | SGTU | Bill Number | Total Checkouts | Full call number | Accession No. (Barcode) | Date last seen | Bill Date | Koha item type | Date last borrowed |
|---|---|---|---|---|---|---|---|---|---|---|---|---|---|---|---|---|---|---|---|---|
| Dewey Decimal Classification | MEDICAL | SGT Medical Library | SGT Medical Library | Reference Book | 05/02/2018 | ABC | 1995.00 | SGTU | 8923 | 614 M16M | FM10506 | 05/02/2018 | 27/10/2017 | Books | ||||||
| Dewey Decimal Classification | MEDICAL | SGT Medical Library | SGT Medical Library | Reference Book | 05/02/2018 | ABC | 1995.00 | SGTU | 8923 | 2 | 614 M16M | FM10507 | 09/03/2026 | 27/10/2017 | Books | 20/02/2026 | ||||
| Dewey Decimal Classification | MEDICAL | SGT Medical Library | SGT Medical Library | Reference Book | 05/02/2018 | ABC | 1995.00 | SGTU | 8923 | 1 | 614 M16M | FM10508 | 11/03/2025 | 27/10/2017 | Books | 05/03/2025 | ||||
| Dewey Decimal Classification | MEDICAL | SGT Medical Library | SGT Medical Library | Reference Book | 05/02/2018 | ABC | 1995.00 | SGTU | 8923 | 614 M16M | FM10509 | 05/02/2018 | 27/10/2017 | Books | ||||||
| Dewey Decimal Classification | MEDICAL | SGT Medical Library | SGT Medical Library | Reference Book | 05/02/2018 | ABC | 1995.00 | SGTU | 8923 | 614 M16M | FM10510 | 05/02/2018 | 27/10/2017 | Books |